000 00702nam a2200253 4500
001 2019
010 _a9789895522811
021 _aPT
_b260019/07
090 _a2019
100 _a20251215d2007 m||y0pory5003 ba
101 _apor
102 _aPT
200 _aO eixo da bússola
_fMário Cláudio
205 _a1ª edição
210 _aVila Nova de Famalicão
_cQuasi
_d2007
215 _a198, [5] p.
_cil.
_d21 cm
225 _aBiblioteca "Em nome da terra".
_iInéditos da sábado
300 _aBMB-Registado
606 _9776
_aLiteratura Portuguesa
606 _92007
_aCrónicas Jornais
675 _a821.134.3-92
_vBMB
_zpor
700 _aCláudio
_bMário
_92891
801 _aPT
_bBMB
_gRPC
990 _cLIVROS